Proceso Contencioso-Administrativo (Esquemas) /

Bibliographic Details
Main Author: Burzaco Samper, Mara̕
Format: eBook
Language:Spanish
Published: Madrid: Dykinson, 2020
Subjects:
Online Access:Acceso restringido

MARC

LEADER 00000nam a22000007a 4500
005 20210205000345.0
007 cr|||| ||||
008 210205s2020 es |||||s|||| 00||0 spa d
020 |a 978-84-1377-182-3 
035 |a 32955 
040 |a vLex 
090 |c 11100  |d 11100 
100 1 |a Burzaco Samper, Mara̕ 
245 1 0 |a Proceso Contencioso-Administrativo  |h [Recurso electrn̤ico] :  |b (Esquemas) /  |c Mara̕ Burzaco Samper 
256 |a Servicio en ln̕ea 
260 |a Madrid:  |b Dykinson,  |c 2020 
300 |a 1 recurso electrn̤ico 
500 |a Ley 29/1998, de 13 de julio, reguladora de la Jurisdiccin̤ Contencioso-Administrativa (incorpora la reforma operada por Ley 3/2020, de 18 de septiembre, de medidas procesales y organizativas para hacer frente al COVID-19 en el m̀bito de la Administracin̤ de Justicia) 
506 1 |a Disponible solo en los productos indicados  |d vLex Global  |d vLex Global (Academic Edition, excluding Law Schools)  |d vLex Global (U.S. Academic Edition, Law Schools)  |d vLex Global (U.S. Academic Edition, excluding Law Schools)  |d vLex Global (Academic Edition, Law Schools) 
650 0 4 |a Derecho Pb︢lico y Administrativo  |z Espaą 
740 0 |a vLex Libros (Servicio en ln̕ea) 
856 4 0 |u http://vlex.com/source/proceso-contencioso-administrativo-esquemas--32955  |z Acceso restringido 
942 |c BOOK 
999 0 |a Public and Administrative Law